Carrie /

Gardado en:
Detalles Bibliográficos
Autor Principal: King, Stephen, (1947- ) (Author)
Formato: Libro
Idioma:Lingua italiana
Publicado: Milano : Bompiani, c1992
Series:I grandi tascabili ; 28
Tags: Engadir etiqueta
Sen Etiquetas, Sexa o primeiro en etiquetar este rexistro!

MARC

LEADER 00000nam a22000007i 4500
001 IT\ICCU\UM1\0097327
003 ItRI
005 20240806095956.0
008 080408s1992 it |||||| ||||| |||||c
020 |a 8845210006 
040 |b ita  |c CDM 
041 7 |a ita  |2 ISO-639-2 
100 1 |a King, Stephen,  |d  (1947- )  |0 IT\ICCU\CFIV\000568  |4 aut 
245 1 0 |a Carrie /  |c di Stephen King. -13.ed. 
260 |a Milano :  |b Bompiani,  |c c1992 
300 |a 174 p. ;  |c 20 cm. 
830 2 |a I grandi tascabili ;  |v 28  |0 IT\ICCU\BVE\0034457 
942 |2 ddc  |c BK 
952 |0 0  |1 0  |2 ddc  |4 0  |6 813_500000000000000_KIN_CAR  |7 1  |9 1768  |a RA  |b RA  |d 2024-08-06  |l 0  |o 813.5 KIN CAR  |p 9365  |r 2024-08-06 10:00:25  |w 2024-08-06  |y BK 
981 1 |6 z01  |a i   |b xxxe  
982 1 |6 z01  |a n 
999 |c 1585  |d 1585